000 00417nam a2200181Ia 4500
001 1826
005 20260306143757.0
008 260306t2009||||xx |||||||||||||| ||spa||
041 _aESP
082 _a155.6
_bP25
100 _aPapalia, Diane E.
_eAUT
245 0 _aDesarrollo del adulto y vejez
260 _c2009
300 _axvi, 524 p
_c23 cm.
650 _aGEN
654 _aCPS
942 _cLIB
_dJUS
_fJUS
_2ddc
_n
999 _c1826
_d1826